Elementos de mecánica relativista

Saved in:
Bibliografiske detaljer
Hovedforfatter: Lira M., Gustavo (autor)
Format: Bog
Sprog:spansk
Udgivet: Santiago Andrés Bello 1959
Fag:
Tags: Tilføj Tag
Ingen Tags, Vær først til at tagge denne postø!

MARC

LEADER 00000nam a2200000 a 4500
001 UCT2129
003 CL-VaPUC
008 961004e19590000CL |||||||||||||||||spa|d
082 0 4 |a 530.12  |b LIR  |2 21 
100 |a Lira M., Gustavo  |e autor  |9 371193 
245 1 0 |a Elementos de mecánica relativista 
300 |a 71 p 
942 |c BK 
945 |d 19961004 00:00:00  |a paguirre 
260 |a Santiago  |b Andrés Bello  |c 1959 
650 0 |a Mecánica   |9 260096 
650 0 |a Relatividad  |9 269977 
650 7 |a RELATIVIDAD ESPECIAL  |2 CL-VaPUC  |9 320839 
650 0 |a Física teórica  |9 345827 
650 0 |a Movimiento  |9 322237 
650 0 |a Física   |9 227844 
583 |a last modification  |c 19961004 00:00:00  |k Rodrigo Vera 
999 |c 252380  |d 252378